000 00608nam a22001817a 4500
003 BUBTL
008 180909b xxu||||| |||| 00| 0 eng d
020 _a978-984-502-001-5
082 _a891.44AHH
100 _91698
_aআহমেদ,হুমায়ূন
245 _aহিমুর আছে জল/
_cহুমায়ূন আহমেদ
260 _aঢাকা :
_bঅন্যপ্রকাশ
_cc2011
300 _a78 p. :
_c22 cm.
650 0 _91689
_aবাংলা সাহিত্য
856 _k0
_l0
_yDownload
942 _2ddc
_cBK
999 _c5786
_d5786